Swargam Thurakkunna Samayam_Malayalam (Record no. 38151)
[ view plain ]
| 000 -LEADER | |
|---|---|
| fixed length control field | 01526nam a22001817a 4500 |
| 020 ## - INTERNATIONAL STANDARD BOOK NUMBER | |
| ISBN | 978-8122612868 |
| 082 ## - DEWEY DECIMAL CLASSIFICATION NUMBER | |
| Classification number | 920 VAS |
| 100 ## - MAIN ENTRY--AUTHOR NAME | |
| Personal name | Vasudevan Nair M T |
| 245 ## - TITLE STATEMENT | |
| Title | Swargam Thurakkunna Samayam_Malayalam |
| 250 ## - EDITION STATEMENT | |
| Edition statement | 1 |
| 260 ## - PUBLICATION, DISTRIBUTION, ETC. (IMPRINT) | |
| Name of publisher | Current Books |
| Place of publication | Thrissur |
| Year of publication | 2023 |
| 300 ## - PHYSICAL DESCRIPTION | |
| Number of Pages | Paperback โ : โ 104 pages |
| Other physical details | Item Weight โ : โ 160 g Dimensions โ : โ 23.4 x 15.6 x 1.9 cm |
| 520 ## - SUMMARY, ETC. | |
| Summary, etc | เดเดฒเตเดฒเดพเด เดเดดเดฟเดเตเดเต เดเดดเดฟเดเตเดเดพเดฒเตเด เดชเดฟเดจเตเดจเตเดฏเตเด เดเดฐเตเดเตเดเดฟเดฒเตเด เดตเดฐเตเด. เด เดชเตเดชเตเดณเตโ เดเดพเดจเต เดจเดฟเดฒเดคเตเดคเต เด เดจเดเตเดเดพเดคเต เดเดฟเดเดเตเดเดพเด. เดเดจเตเดฑเต เดเดดเตเดคเตเดคเดฟเดฒเตโ เดเดฐเต เดจเตเดฒเดฟเดเตเดเต เดเดเดฒเดพเดธเดฟเดฒเตโ เดเดดเตเดคเดฟ เดตเดฏเตเดเตเดเต. เดเดจเตเดคเตเดเตเดเดฟเดฒเตเด เดเดฐเต เดตเดฟเดฒ.โ<br/>เดตเดพเดฏเดจเดเตเดเดพเดฐเตเดเต เดฎเดจเตเดญเตเดชเดเดคเตเดคเดฟเดฒเตโ เดชเดจเดจเตเดฐเตโเดฎเตเดณเตเดณเตเดเดณเตโ เดเตเดฃเตเดเต เดธเตเดเดฎเตเดณเตเดณ เดจเตเดฎเตเดชเดฐเดเตเดเดณเตโ เดเตเดฑเดฟเดฏเดฟเดเตเด เดเดเดเดฟเดฏเตเดเต เดชเตเดฐเดถเดธเตเดคเดฎเดพเดฏ เดเดฑเตเดเดฅเดเดณเดพเดฃเต เด เดธเดฎเดพเดนเดพเดฐเดคเตเดคเดฟเดฒเตโ . เดธเดพเดฏเดเดธเดจเตเดงเตเดฏ เดชเตเดฒเต เดเตเดคเตเดนเดฐเดฎเดพเดฏ เดตเดพเดเตเดฎเดฏเดเตเดเดณเตโ เดเดฃเดฐเตโเดคเตเดคเตเดจเตเดจ เดเดฅเดเดณเตโ . |
| 546 ## - LANGUAGE NOTE | |
| Language note | Language โ : โ Malayalam |
| 650 ## - SUBJECT ADDED ENTRY--TOPICAL TERM | |
| Topical Term | GEN |
| 942 ## - ADDED ENTRY ELEMENTS (KOHA) | |
| Koha item type | Text Book |
| 952 ## - LOCATION AND ITEM INFORMATION (KOHA) | |
| Damaged status | |
| Not for loan | |
| Withdrawn status | Collection code | Permanent Location | Current Location | Date acquired | Source of acquisition | Cost, normal purchase price | Inventory number | Full call number | Accession Number | Price effective from | Koha item type |
|---|---|---|---|---|---|---|---|---|---|---|---|
| GENERAL | VAST Central Library | VAST Central Library | 28/11/2025 | Minerva Books | 180.00 | 90 | 920 VAS | 38299 | 22/12/2025 | Text Book |